000 00538nam a2200193Ia 4500
005 20250923150020.0
008 008 250917s9999 xx 000 0 eng d
037 _aTextual
040 _aDSWL
_beng
_cDSWL
041 _aeng
_2eng
084 _aY150aL:S, N98
_qDSWL
245 0 _aUnderstanding women's Heath Issues
_cEd. by L. Lingam
260 _aNew Delhi
_bKali for Women
_c1998
300 _axi,228 p.
365 _aINR
_b250.00
925 _g250.00
942 _cTEXL
_hY150aL:S, N98
999 _c1458518
_d1458518